| 000 | 00511nam a2200205Ia 4500 | ||
|---|---|---|---|
| 005 | 20240812032029.0 | ||
| 008 | 240331s9999 xx 000 0 und d | ||
| 020 | _a0415080592 | ||
| 082 |
_bCHA _a384.55 |
||
| 100 | _a | ||
| 245 | 0 |
_aChannels of discourse, reassembled : _btelevision and contemporary criticism |
|
| 250 | _a2nd | ||
| 260 |
_aLondon _bRoutledge _c1992 |
||
| 300 | _a420 p ., | ||
| 650 | _aFeminist | ||
| 650 | _aCultural | ||
| 650 | _aEconomy | ||
| 700 |
_aAllen, R.C. _eedt |
||
| 942 | _cL | ||
| 999 |
_c1844 _d1844 |
||